| 000 | 00000nam##2200000za#4500 |
| 001 | 9.602008 |
| 003 | CaOODSP |
| 005 | 20210624210341 |
| 007 | cr ||||||||||| |
| 008 | 150406|2005||||xxc|||||o f|0| 0 fre|d |
| 040 | |aCaOODSP|bfre |
| 043 | |an-cn--- |
| 086 | 1 |aTU3-5/05-20F-PDF |
| 110 | 2 |aBureau de la sécurité des transports du Canada. |
| 245 | 10|aDécrochage et perte de contrôle en montée, du de Havilland DHC-8-100 C-GZKH, exploité par Provincial Airlines Limited à St. John's (Terre-Neuve-et-Labrador), le 27 mai 2005 |h[ressource électronique] |
| 260 | |aGatineau - Québec : |bBureau de la sécurité des transports du Canada |c[2006]. |
| 300 | |a13p.|bgraphiques, photographies |
| 490 | 1 |aRapport d'enquête aéronautique |vA05A0059 |
| 500 | |a«Le Bureau a autorisé la publication du rapport le 23 février 2006.»--p.11 de 13. |
| 590 | |a12-19-Supp|b2012-04-30 |
| 775 | 08|tStall and loss of control during climb, Provincial Airlines Limited, de Havilland DHC-8-100 C-GZKH, St. John's, Newfoundland and Labrador, 27 May 2005 |w(CaOODSP)9.571396 |
| 830 | #0|aRapport d'enquête aéronautique ;|vA05A0059|w(CaOODSP)9.501229 |
| 856 | 40|ahttp://publications.gc.ca|qPDF|s628 Ko|uhttps://publications.gc.ca/collections/collection_2011/bst-tsb/TU3-5-05-20-fra.pdf|yA05A0059 |